[Event "75th ch-GER"]
[Site "Hoeckendorf GER"]
[Date "2004.02.03"]
[Round "5"]
[White "Heck,N"]
[Black "Tischbierek,R"]
[Result "1/2-1/2"]
[WhiteElo "2308"]
[BlackElo "2507"]

1.Nf3 d5 2.g3 g6 3.Bg2 Bg7 4.d4 Nf6 5.O-O O-O 6.c4 dxc4 7.Na3 c3 8.bxc3 c5
9.e3 Nc6 10.Bb2 Qb6 11.Qe2 Bf5 12.Nc4 Qa6 13.Rfe1 cxd4 14.cxd4 Nb4 15.Na3 Qxe2
16.Rxe2 Bd3 17.Ree1 Be4 18.Ne5 Rfc8 19.Rec1 Bxg2 20.Kxg2 Nfd5 21.e4 Nb6 22.Bc3 Bxe5
23.dxe5 Nd3 24.Rc2 Nc4 25.Bb4 Ne3+ 26.fxe3 Nxb4 27.Rb2 a5 28.Rd1 Rc3 29.Nb5 Rxe3
30.Rd7 Rxe4 31.Rxe7 Nd3 32.Nd6 Rxe5 33.Rbxb7 Rxe7 34.Rxe7 Rb8 35.a3 Rb2+
36.Kg1 f5 37.Nf7 Kf8 38.Ra7 f4 39.Ng5 Rb1+ 40.Kg2 Rb2+ 41.Kf3 Rf2+ 42.Ke4 Nc5+
43.Kd4 fxg3 44.Nxh7+ Kg8 45.hxg3 Rf5 46.Nf6+ Kf8 47.Nd5 Nb3+  1/2-1/2

[Event "75th ch-GER"]
[Site "Hoeckendorf GER"]
[Date "2004.02.03"]
[Round "5"]
[White "Schebler,G"]
[Black "Gustafsson,J"]
[Result "0-1"]
[WhiteElo "2480"]
[BlackElo "2572"]

1.Nf3 d5 2.g3 Bg4 3.Bg2 Nd7 4.d4 e6 5.O-O Ngf6 6.Nbd2 Be7 7.Re1 O-O 8.e4 c5
9.exd5 Nxd5 10.Nc4 Qc7 11.Ne3 Nxe3 12.Bxe3 Rfd8 13.Qe2 Bf6 14.Rad1 Rac8 15.h3 Bh5
16.Qb5 a6 17.Qb3 cxd4 18.Bxd4 e5 19.Be3 b5 20.Rd2 h6 21.Nh2 Nb6 22.Rxd8+ Rxd8
23.Nf1 Nc4 24.c3 Bg6 25.a4 bxa4 26.Qxa4 Nxb2 27.Qxa6 Nd3 28.Rd1 Qxc3 29.Nd2 Nb2  0-1

[Event "Scheveningen"]
[Site "Monte Carlo MNC"]
[Date "2004.02.03"]
[Round "2"]
[White "Maze,S"]
[Black "Efimov,I"]
[Result "0-1"]
[WhiteElo "2462"]
[BlackElo "2505"]

1.Nf3 d5 2.g3 Nf6 3.Bg2 e6 4.O-O Be7 5.d3 c5 6.Nbd2 Nc6 7.e4 a5 8.a4 b6 9.Re1 Ba6
10.b3 Qc7 11.exd5 Nxd5 12.Bb2 Bf6 13.Bxf6 gxf6 14.Ne4 O-O-O 15.Qd2 Kb8 16.Qh6 f5
17.Ned2 Bc8 18.Nc4 f6 19.Na3 Qf7 20.Nd2 Qg6 21.Qh4 Nd4 22.Ndc4 f4 23.Be4 Qxe4
24.dxe4 Nf3+ 25.Kf1 Nxh4 26.gxh4 Nc3 27.Nb5 Nxb5 28.axb5 Kc7 29.e5 fxe5 30.Rxe5 Bd7
31.Rae1 Bxb5 32.Rxe6 Rhe8 33.Rh6 Bxc4+ 34.bxc4 Rxe1+ 35.Kxe1 Rd7 36.Rf6 Rd4
37.Rf7+ Kc6 38.Rxh7 Rxc4 39.Kd2 Rd4+ 40.Kc3 f3 41.h3 Rf4 42.Kd3 Kb5 43.h5 Rh4
44.h6 a4 45.Rh8 Rxh3 46.c4+ Kb4 47.h7 a3 48.Rb8 a2 49.Rxb6+ Ka5 50.Rb8 Rxh7
51.Ra8+ Kb4 52.Rxa2 Rd7+ 53.Kc2 Rd4 54.Ra7 Rxc4+ 55.Kd3 Rc3+ 56.Kd2 Ra3 57.Rb7+ Kc4
58.Rf7 Rd3+ 59.Kc2 Rc3+ 60.Kd2 Ra3 61.Rf4+ Kb5 62.Kc1 c4 63.Kb2 Kb4 64.Rf8 c3+
65.Kc2 Ra2+ 66.Kd3 Rd2+ 67.Ke3 Rd5 68.Rb8+ Kc4 69.Rc8+ Rc5 70.Rxc5+ Kxc5
71.Kd3 Kb4 72.Kc2 Kc4  0-1

[Event "9th HIT Open"]
[Site "Nova Gorica SLO"]
[Date "2004.02.05"]
[Round "9"]
[White "Olarasu,G"]
[Black "Mikac,M"]
[Result "0-1"]
[WhiteElo "2311"]
[BlackElo "2358"]

1.Nf3 d5 2.g3 c6 3.b3 Nf6 4.Bg2 Bg4 5.O-O Nbd7 6.Bb2 e6 7.d3 Bd6 8.Nbd2 O-O
9.d4 Qb8 10.c4 a5 11.a4 Re8 12.Re1 Bb4 13.Rf1 Qc7 14.h3 Bh5 15.Ne1 e5 16.g4 Bg6
17.dxe5 Nxe5 18.Nc2 dxc4 19.Nxb4 axb4 20.bxc4 Rad8 21.Qc1 Nexg4 22.hxg4 Nxg4
23.Nf3 Rxe2 24.Qg5 Rxb2 25.Qxg4 Re2 26.Nd4 Rd2 27.Nb3 R2d3 28.Rab1 Qe5 29.Nc5 h5
30.Qh4 R8d6 31.Rbe1 Qb2 32.Re3 Rd1 33.Rxd1 Rxd1+ 34.Kh2 f6 35.a5  0-1

[Event "TCh-CZE Extraliga 2003-4"]
[Site "Czech Rep CZE"]
[Date "2004.02.07"]
[Round "6"]
[White "Chloupek,S"]
[Black "Talla,V"]
[Result "0-1"]
[WhiteElo "2371"]
[BlackElo "2367"]

1.Nf3 d5 2.g3 c6 3.Bg2 Nf6 4.O-O Bf5 5.d3 e6 6.c4 h6 7.Nbd2 Nbd7 8.b3 Be7
9.Bb2 O-O 10.Qc2 Bh7 11.Ne5 Qb6 12.Nxd7 Nxd7 13.Rac1 Rfc8 14.Qb1 Qd8 15.Qa1 Qf8
16.Nf3 a5 17.cxd5 exd5 18.a3 Bf6 19.Bh3 Rd8 20.Bxf6 Nxf6 21.Qb2 Qe7 22.Rfd1 Ne8
23.e3 Nc7 24.Ra1 Re8 25.Qd4 Nb5 26.Qb2 Nd6 27.Rac1 Bf5 28.Bxf5 Nxf5 29.Re1 Nd6
30.Kg2 Nb5 31.Ra1 c5 32.a4 Nc7 33.Rad1 b6 34.d4 Qe4 35.Qb1 Qe6 36.Rc1 Na6
37.Red1 Rac8 38.Nh4 Nb4 39.Qf5 Qxf5 40.Nxf5 Rc6 41.dxc5 bxc5 42.Rc3 Kf8 43.g4 Rec8
44.Kf3 g6 45.Ng3 c4 46.bxc4 dxc4 47.Ne2 Nd3 48.Nf4 Nb2 49.Ra1 Rb8 50.Nd5 Nd3
51.Rd1 Rd6 52.e4 Rb2 53.Rf1 Ra2 54.Ke3 Rxa4 55.Kd4 Ra2 56.f4 Rxh2 57.Rxc4 Nb4
58.Rd1 Rd8 59.f5 gxf5 60.gxf5 Nxd5 61.exd5 Rh4+ 62.Kc3 Rxc4+ 63.Kxc4 Ke7
64.Kc5 Rc8+ 65.Kd4 a4 66.Rh1 a3 67.Rxh6 Ra8 68.Rh1 a2 69.Ra1 Kd6 70.Kc4 f6
71.Kd4 Ra4+ 72.Kc3 Kxd5 73.Kb2 Ke5 74.Re1+ Kxf5 75.Ra1 Kg6 76.Rg1+ Kf7 77.Rf1 Ra5  0-1

[Event "12th Aosta Open"]
[Site "St Vincent ITA"]
[Date "2004.02.08"]
[Round "1"]
[White "Malano,F"]
[Black "Godena,M"]
[Result "0-1"]
[WhiteElo "2062"]
[BlackElo "2515"]

1.Nf3 d5 2.g3 Nc6 3.Bg2 e5 4.d3 Nf6 5.Nbd2 e4 6.Ng5 h6 7.Nh3 Bf5 8.c4 exd3
9.cxd5 Nxd5 10.O-O Qd7 11.e4 Ne3 12.fxe3 Bxh3 13.Bxh3 Qxh3 14.Qb3 O-O-O 15.Qxf7 Bc5
16.Qf5+ Qxf5 17.exf5 Bxe3+ 18.Kg2 Rhe8 19.Nc4 d2  0-1

[Event "12th Aosta Open"]
[Site "St Vincent ITA"]
[Date "2004.02.08"]
[Round "1"]
[White "D'Amore,C"]
[Black "Trifunovic,Du"]
[Result "1-0"]
[WhiteElo "2441"]
[BlackElo "2043"]

1.Nf3 d5 2.g3 Nf6 3.Bg2 c6 4.O-O Bg4 5.d3 e6 6.Nbd2 Be7 7.h3 Bxf3 8.Nxf3 O-O
9.c3 Nbd7 10.Qc2 Qc7 11.e4 dxe4 12.dxe4 e5 13.Nh4 Rfe8 14.Nf5 Bf8 15.Re1 h6
16.Bf1 Nc5 17.b4 Ne6 18.a3 Qc8 19.h4 Kh7 20.Qd1 g6 21.Nd6 Bxd6 22.Qxd6 Ng4
23.Qd2 Qd8 24.f3 Qxd2 25.Bxd2 Nf6 26.Be3 g5 27.hxg5 hxg5 28.Bh3 g4 29.Bxg4 Nxg4
30.fxg4 b6 31.Rf1 Kg7 32.Rf5 Nf8 33.Raf1 Re7 34.Bg5 Rd7 35.Bf6+ Kg8 36.Kg2 Ng6
37.Rh5 Rd2+ 38.Kf3 Rad8 39.Bxd8 Rxd8 40.Ke2 Kf8 41.Rd1 Rc8 42.Rd7  1-0

[Event "AS04 Centenary"]
[Site "Copenhagen DEN"]
[Date "2004.02.10"]
[Round "4"]
[White "Jorgensen,P"]
[Black "Hector,J"]
[Result "0-1"]
[WhiteElo "2265"]
[BlackElo "2518"]

1.Nf3 d5 2.g3 Nc6 3.d4 Bg4 4.Bg2 Qd7 5.Nc3 O-O-O 6.h3 Bf5 7.g4 Be4 8.Bf4 f6
9.e3 e5 10.dxe5 Bb4 11.exf6 h5 12.g5 gxf6 13.Kf1 Bxc3 14.bxc3 fxg5 15.Bxg5 Rf8
16.h4 Nf6 17.Bxf6 Rxf6 18.Ng5 Bxg2+ 19.Kxg2 Ne5 20.f4 Nc4 21.Re1 Kb8 22.Qf3 Ne5
23.Qd1 Ng4 24.Qd3 Nh6 25.Kf2 Re8 26.Re2 Qg4 27.Nf3 Qh3 28.Rf1 Ng4+ 29.Kg1 Ne5
30.Qxd5 Rd6 31.Qe4 Nxf3+ 32.Qxf3 Rg8+ 33.Rg2 Rxg2+ 34.Qxg2 Qxe3+ 35.Rf2 a6
36.Kh2 Rd1 37.Qf3 Qe1 38.f5 Qe5+ 39.Kh3 Re1 40.Kg2 Re3 41.Qf4 Qd5+ 42.Rf3 Re4
43.Qc1 Rg4+ 44.Kf2 Qe5 45.f6 Qh2+ 46.Ke3 Rg2 47.Rf4 Qh3+ 48.Kd4 Qd7+ 49.Ke3 Qe6+
50.Kd4 Rg8 51.c4 Qb6+ 52.Ke4 Re8+ 53.Kd3 Rd8+ 54.Kc3 Rd6 55.Rf3 Qd4+ 56.Kb3 Rb6+  0-1

[Event "Bundesliga 2003-4"]
[Site "Stuttgart GER"]
[Date "2004.02.14"]
[Round "8"]
[White "Appel,R"]
[Black "Dautov,R"]
[Result "0-1"]
[WhiteElo "2513"]
[BlackElo "2616"]

1.Nf3 d5 2.g3 g6 3.c4 c6 4.Qa4 d4 5.b4 Bg7 6.d3 e5 7.Bg2 Ne7 8.O-O O-O 9.Nbd2 h6
10.Ba3 Nd7 11.Rab1 Qc7 12.Nb3 Re8 13.b5 cxb5 14.Qxb5 a6 15.Qb4 Bf8 16.Qe1 Rb8
17.Nfd2 b6 18.Ne4 Nf5 19.Bxf8 Rxf8 20.Qc1 Kg7 21.c5 b5 22.Qa3 Bb7 23.Rfc1 Bc6
24.Na5 Bd5 25.Nd6 Ne7 26.c6 Nb6 27.Ndb7 Bxg2 28.Kxg2 Ned5 29.Qd6 Rfc8 30.Rc5 Qxd6
31.Nxd6 Rc7 32.a4 Nc3 33.Rxc3 dxc3 34.axb5 Na4 35.b6 Nxb6 36.Ne8+ Rxe8 37.Rxb6 c2
38.Nb3 Rec8 39.Nc1 Rxc6 40.Rb2 Rc5  0-1

[Event "Bundesliga 2003-4"]
[Site "St Ingbert GER"]
[Date "2004.02.15"]
[Round "9"]
[White "Mackensy,T"]
[Black "Siebrecht,S"]
[Result "0-1"]
[WhiteElo "2198"]
[BlackElo "2397"]

1.g3 d5 2.Nf3 c6 3.b3 Bg4 4.Bg2 Nd7 5.Bb2 Ngf6 6.O-O Qc7 7.c4 dxc4 8.bxc4 e5
9.Qc2 Bd6 10.Nc3 O-O 11.e3 Nb6 12.d3 Rfe8 13.Nd2 Rad8 14.Rfe1 Bf8 15.d4 Qd7
16.Na4 Nxa4 17.Qxa4 b5 18.Qc2 Bb4 19.Bf1 Bf5 20.Qc1 exd4  0-1

[Event "53rd ch-BUL w"]
[Site "Sofia BUL"]
[Date "2004.02.17"]
[Round "1"]
[White "Savova,S"]
[Black "Doncheva,M"]
[Result "1-0"]
[WhiteElo "2163"]
[BlackElo "2065"]

1.Nf3 d5 2.g3 c5 3.Bg2 Nc6 4.d4 cxd4 5.Nxd4 Nf6 6.O-O e5 7.Nxc6 bxc6 8.c4 Bb7
9.cxd5 cxd5 10.Qa4+ Qd7 11.Qxd7+ Kxd7 12.Nc3 Rd8 13.Rd1 Kc7 14.Bg5 d4 15.Na4 Bxg2
16.Kxg2 Be7 17.Rac1+ Kb8 18.Nc5 h6 19.Bd2 Rhe8 20.f3 Nd5 21.Kf2 f6 22.Ne6 Rg8
23.Nxd8 Bxd8 24.Rc5 Ne3 25.Bxe3 dxe3+ 26.Kxe3 Bb6 27.b4 Bxc5+ 28.bxc5 Kc7
29.Rd6 Rb8 30.Re6 a5 31.Ra6 Rb5 32.c6 f5 33.Ra7+ Kxc6 34.Rxg7 Rb2 35.Rg6+ Kd5
36.Rxh6 Rxa2 37.Rf6 a4 38.Rxf5 Ra3+ 39.Kf2 Kd4 40.Rf8 Rb3 41.Ra8 a3 42.h4 Kc3
43.Ra4 Kb2 44.g4 a2 45.Rxa2+ Kxa2 46.h5 Rb1 47.Ke3 Rb4 48.h6 Rb1 49.Ke4 Rh1
50.g5 Rh5 51.Kf5 Rh2 52.Kxe5 Rxe2+ 53.Kf5  1-0

[Event "Tringov mem Open"]
[Site "Plovdiv BUL"]
[Date "2004.02.20"]
[Round "7"]
[White "Ivanov,Em"]
[Black "Dikov,D"]
[Result "0-1"]
[WhiteElo "2211"]
[BlackElo "2063"]

1.Nf3 d5 2.g3 Nf6 3.Bg2 e6 4.d3 c6 5.O-O Qc7 6.c4 e5 7.cxd5 cxd5 8.Nc3 Nc6
9.Qb3 Be6 10.Ng5 Qd7 11.Nxe6 fxe6 12.Bd2 Be7 13.Rac1 O-O 14.e3 Kh8 15.Bh3 Rae8
16.Na4 b6 17.Nc3 Rc8 18.Ne2 g5 19.Bg2 h6 20.a3 Rc7 21.Bc3 Bd6 22.Qd1 Ne7
23.Qd2 Ng6 24.b4 Kh7 25.Bb2 Rfc8 26.Rxc7 Rxc7 27.Rc1 Rxc1+ 28.Nxc1 Ng8 29.Bf3 Nf6
30.Bd1 Qc7 31.Qe2 Qf7 32.Nb3 g4 33.Nd2 h5 34.f4 exf4 35.gxf4 e5 36.f5 Ne7
37.e4 d4 38.Bb3 Qg7 39.Be6 Qg5 40.Nb3 Qg7 41.Bc1 Neg8 42.Nd2 Qg5 43.Nb3 Qg7
44.Bd2 Nh6 45.Qf2 Be7 46.Qg3 Ne8 47.Kg2 Nc7 48.Nxd4 h4 49.Qf2 exd4 50.Bb3 Bf6
51.Qf4 Be5 52.Qf1 Ne8 53.Bd1 Nf6 54.Kh1 g3 55.h3 Nd7 56.Kg2 Bf6 57.Bf4 Bg5
58.Bd6 Qf6 59.Bc7 Nf7 60.Qf3 Nh6 61.Qe2  0-1

[Event "53rd ch-BUL w"]
[Site "Sofia BUL"]
[Date "2004.02.21"]
[Round "5"]
[White "Savova,S"]
[Black "Jordanova Besheva,S"]
[Result "1/2-1/2"]
[WhiteElo "2163"]
[BlackElo "2165"]

1.Nf3 d5 2.g3 Nf6 3.Bg2 e6 4.d3 c5 5.O-O Nc6 6.Nbd2 Qc7 7.e4 Be7 8.Re1 b6
9.c3 Ba6 10.exd5 Nxd5 11.Qa4 Bb7 12.d4 O-O 13.dxc5 bxc5 14.Qc2 Nf6 15.Nc4 Rad8
16.Bf4 Qc8 17.Rad1 Ba8 18.a4 Nd5 19.Bc1 h6 20.Nfd2 Rfe8 21.f4 Nb6 22.a5  1/2-1/2

[Event "Aeroflot Open"]
[Site "Moscow RUS"]
[Date "2004.02.22"]
[Round "6"]
[White "Markowski,T"]
[Black "Romanishin,O"]
[Result "1-0"]
[WhiteElo "2603"]
[BlackElo "2537"]

1.g3 d5 2.Nf3 Nf6 3.Bg2 g6 4.c4 dxc4 5.Na3 Be6 6.O-O Bg7 7.Qc2 O-O 8.Nxc4 Nc6
9.d3 Bd5 10.e4 Bxc4 11.dxc4 e5 12.Rd1 Qe7 13.c5 Rad8 14.Be3 Ng4 15.Bg5 Bf6
16.Bd2 Nd4 17.Qc4 Bg7 18.Bc3 Nc2 19.Rxd8 Rxd8 20.Rc1 Nd4 21.h3 Nxf3+ 22.Bxf3 Nf6
23.c6 b6 24.b4 h5 25.h4 Nh7 26.Rd1 Rxd1+ 27.Bxd1 Nf8 28.Bb3 Ne6 29.Qd5 Nd4
30.Bc4 Qf6 31.Bxd4 exd4 32.Qd7 d3 33.e5 Qf3 34.Bxd3 Kh7 35.e6 fxe6 36.Bf1 e5
37.Qxc7 e4 38.Qf4 Qc3 39.Qxe4 Qe5 40.Bd3 Qxe4 41.Bxe4 Be5 42.f4 Bc7 43.a4  1-0

[Event "Aeroflot Open"]
[Site "Moscow RUS"]
[Date "2004.02.23"]
[Round "7"]
[White "Filippov,Va"]
[Black "Rustemov,A"]
[Result "1-0"]
[WhiteElo "2609"]
[BlackElo "2585"]

1.Nf3 d5 2.g3 Bg4 3.Bg2 Nd7 4.c4 c6 5.cxd5 cxd5 6.Qa4 Nf6 7.Nc3 Bxf3 8.Bxf3 e6
9.e4 dxe4 10.Nxe4 Nd5 11.Nc3 Nb6 12.Qa5 Qb8 13.d4 Bd6 14.O-O a6 15.Ne4 Nd5
16.Nxd6+ Qxd6 17.b3 N7f6 18.Ba3 Qd8 19.Qd2 h6 20.Rac1 Rc8 21.Rxc8 Qxc8 22.Rc1 Qd8
23.Qe1 Kd7 24.Bxd5 Nxd5 25.Qe5 Rg8 26.Qd6+ Ke8 27.Qc5 f6 28.b4 Qd7 29.Rc2 Kf7
30.Bc1 Rd8 31.a3 Qa4 32.Qc4 Ne7 33.Be3 Rc8 34.Qxc8 Nxc8 35.Rxc8 Kg6 36.Rc3 Qd1+
37.Kg2 Qa1 38.Bd2 Kf5 39.Rf3+ Ke4 40.b5 Kxd4 41.bxa6 bxa6 42.Bb4 Qb1 43.h4 Qe4
44.h5 f5 45.Bc3+ Kd5 46.Bxg7 Kd6 47.Bxh6 Ke7 48.Bc1 Kf6 49.Bd2 Qc6 50.g4 Qe4
51.h6 Qxg4+ 52.Rg3 Qe4+ 53.Kg1 f4 54.Rh3 Qf5 55.Kh2 Qc5 56.Be1 f3 57.Rxf3+ Kg6
58.Bd2 Kh7 59.Be3 Qxa3 60.Rf7+ Kg6 61.Rg7+ Kf6 62.Rg3 Qd6 63.h7 Qb8 64.Bd4+ e5
65.Rg8  1-0

[Event "5th Montenegro Open"]
[Site "Sozina SCG"]
[Date "2004.02.23"]
[Round "6"]
[White "Pustina,A"]
[Black "Toth,Al"]
[Result "1-0"]
[WhiteElo "2270"]
[BlackElo "2132"]

1.Nf3 d5 2.g3 Nf6 3.Bg2 e6 4.O-O Be7 5.d4 O-O 6.c4 Nbd7 7.Qc2 c6 8.Nbd2 b6
9.e4 dxe4 10.Nxe4 Bb7 11.Rd1 Qc8 12.Nxf6+ Bxf6 13.Ng5 g6 14.Ne4 Be7 15.Bf4 Rd8
16.Bd6 Bxd6 17.Nxd6 Qc7 18.c5 b5 19.Qe4 Rac8 20.Qf4 Nf8 21.a4 b4 22.Nxc8 Qxf4  1-0

[Event "Aeroflot Open"]
[Site "Moscow RUS"]
[Date "2004.02.24"]
[Round "8"]
[White "Minasian,Art"]
[Black "Graf,A"]
[Result "0-1"]
[WhiteElo "2582"]
[BlackElo "2629"]

1.Nf3 d5 2.g3 Nf6 3.Bg2 e6 4.O-O Be7 5.d3 c5 6.c4 O-O 7.Nc3 Nc6 8.Bf4 d4
9.Na4 Bd6 10.e3 e5 11.Bg5 Bd7 12.exd4 exd4 13.Nd2 b6 14.a3 h6 15.Bxf6 Qxf6
16.f4 Be7 17.Rb1 Rac8 18.Be4 Qd6 19.Bd5 Kh7 20.f5 Bg5 21.Ne4 Be3+ 22.Kg2 Qe5
23.f6 g6 24.b4 cxb4 25.axb4 Be6 26.Bxe6 Qxe6 27.b5 Ne5 28.Nb2 Rfe8 29.Ra1 Qd7
30.Ra3 Qb7 31.Qe2 Nxd3 32.Nxd3 Rxe4 33.Qf3 Rxc4 34.Ne5 Rc2+ 35.Kh1 Qd5 36.Rxa7 Rxe5
37.Qxd5 Rxd5 38.Rxf7+ Kg8 39.Rb7 Rf5  0-1

[Event "Aeroflot Open"]
[Site "Moscow RUS"]
[Date "2004.02.24"]
[Round "8"]
[White "Markowski,T"]
[Black "Socko,B"]
[Result "1-0"]
[WhiteElo "2603"]
[BlackElo "2556"]

1.g3 d5 2.Nf3 Bf5 3.Bg2 e6 4.O-O Be7 5.c4 c6 6.d3 Nd7 7.Nc3 Ngf6 8.cxd5 cxd5
9.Nh4 Bg4 10.h3 Bh5 11.g4 Bg6 12.e4 Nxe4 13.dxe4 Bxh4 14.exd5 e5 15.Qa4 h5
16.d6 hxg4 17.hxg4 Kf8 18.Be3 f5 19.gxf5 Bxf5 20.Nd5 b5 21.Qxb5 Rb8 22.Qe2 Qe8
23.Rac1 Qg6 24.Bxa7 Re8 25.Rc3 e4 26.Ne7 Bxe7 27.dxe7+ Kxe7 28.Re1 Qh6 29.Qe3 Qh2+
30.Kf1 Kf7 31.Bd4 Qd6 32.Rec1 Rh6 33.Rc6 Qxc6 34.Rxc6 Rxc6 35.Qf4 g6 36.Bh3 e3
37.Bxf5 e2+ 38.Ke1 gxf5 39.Qxf5+ Nf6 40.Be3 Re4 41.Qb5 Rc2 42.a4 Ke6 43.a5 Nd5
44.a6 Rh4 45.Bd2 Nf4 46.Qb3+ Kf6 47.Qf3 Rxb2 48.Bc3+  1-0

[Event "5th Montenegro Open"]
[Site "Sozina SCG"]
[Date "2004.02.25"]
[Round "8"]
[White "Bogza,O"]
[Black "Mihalj,M"]
[Result "1/2-1/2"]
[WhiteElo "2120"]
[BlackElo "2278"]

1.Nf3 d5 2.g3 Bg4 3.Bg2 Nd7 4.O-O e5 5.d3 c6 6.Qe1 Ngf6 7.e4 Bxf3 8.Bxf3 dxe4
9.dxe4 Bc5 10.Nd2 O-O 11.a4 Qc7 12.Nc4 Rfd8 13.Be3 Bxe3 14.Qxe3 Nb6 15.Nd2 a5
16.b3 Rd4 17.c3 Rd6 18.Rfd1 Rad8 19.Nf1 Nc8 20.Be2 Rxd1 21.Rxd1 Rxd1 22.Bxd1 Qd6
23.Bc2 Ng4  1/2-1/2

[Event "5th Montenegro Open"]
[Site "Sozina SCG"]
[Date "2004.02.25"]
[Round "8"]
[White "Bogza,A"]
[Black "Toth,Al"]
[Result "1/2-1/2"]
[WhiteElo "2309"]
[BlackElo "2132"]

1.Nf3 d5 2.g3 Nf6 3.Bg2 e6 4.O-O Be7 5.d3 O-O 6.Nbd2 c5 7.e4 Nc6 8.Re1 b5
9.e5 Nd7 10.Nf1 a5 11.h4 Bb7 12.h5 b4 13.N1h2 a4 14.Ng4 a3 15.bxa3 bxa3 16.c3 Qa5
17.Rb1 Rfb8 18.h6 Qa4 19.Qxa4 Rxa4 20.Ne3 Ba6 21.Rxb8+ Ndxb8 22.Bf1 Nd7 23.Nc2 g5
24.Bxa3 g4 25.Nd2 Bg5 26.f4 gxf3 27.Nxf3 Bxh6 28.Kf2 Bf8 29.Rb1 c4 30.Bxf8 Kxf8
31.d4 Rxa2 32.Ne1 Ra5 33.Ke3 Rb5 34.Ra1 Ra5 35.Rb1 Rb5 36.Ra1 Bb7 37.Nf3 Rb2
38.Kd2 Ke7 39.Bh3 h6 40.Re1 Bc8 41.Nh4 Na5 42.Kc1 Rb3 43.Kd2 Rb6 44.Nb4 Nc6
45.Nf5+ Kf8 46.Nxc6 Rxc6 47.Nxh6 Kg7 48.Ng4 Rb6 49.Kc2 Ra6 50.Kb2 Rb6+ 51.Kc2 Ra6
52.Kb2 Rb6+ 53.Kc2 Ra6 54.Rb1 Ra2+ 55.Rb2 Ra1 56.Rb1  1/2-1/2

[Event "11th Metalis Open"]
[Site "Bizovac CRO"]
[Date "2004.02.26"]
[Round "2"]
[White "Solic,M"]
[Black "Bender,I"]
[Result "0-1"]
[WhiteElo "2003"]
[BlackElo "2289"]

1.Nf3 d5 2.g3 c6 3.Bg2 Bg4 4.O-O Nd7 5.d3 e6 6.Nbd2 Bd6 7.h3 Bh5 8.e4 Rc8
9.Qe1 Ne7 10.c3 Bb8 11.Nh4 dxe4 12.dxe4 f6 13.g4 Bf7 14.Nb3 g5 15.Nf3 h5
16.gxh5 Bxh5 17.Nbd4 Kf7 18.Qd1 c5 19.Nc2 Qc7 20.Nce1 Ng6 21.Bxg5 fxg5 22.Nxg5+ Ke7
23.Nef3 Nh4  0-1

[Event "11th Metalis Open"]
[Site "Bizovac CRO"]
[Date "2004.02.26"]
[Round "2"]
[White "Vukic,M"]
[Black "Tarakcija,H"]
[Result "1-0"]
[WhiteElo "2481"]
[BlackElo "2253"]

1.Nf3 d5 2.g3 Nf6 3.Bg2 e6 4.O-O Be7 5.c4 O-O 6.d4 dxc4 7.Qc2 a6 8.a4 Bd7
9.Qxc4 Bc6 10.Bg5 a5 11.Nc3 Na6 12.Bxf6 Bxf6 13.e4 Nb4 14.Rfd1 b6 15.Ne1 Rc8
16.Rac1 Bb7 17.e5 Ba6 18.Qb3 Bg5 19.f4 Be7 20.d5 Bc5+ 21.Kh1 exd5 22.Nxd5 Nxd5
23.Bxd5 Qe7 24.Nf3 Be2 25.Rd2 Bxf3+ 26.Qxf3 Rcd8 27.Rcd1 Kh8 28.Bc4 Rxd2
29.Rxd2 Bb4 30.Rd1 Qc5 31.b3 Qe7 32.h4 g6 33.Kg2 Kg7 34.Qc6 Bc5 35.Rd7  1-0

[Event "11th Metalis Open"]
[Site "Bizovac CRO"]
[Date "2004.02.27"]
[Round "4"]
[White "Kosic,D"]
[Black "Feletar,D"]
[Result "0-1"]
[WhiteElo "2501"]
[BlackElo "2393"]

1.Nf3 d5 2.g3 c5 3.Bg2 Nc6 4.d4 e6 5.O-O Nf6 6.c4 dxc4 7.dxc5 Bxc5 8.Nbd2 c3
9.bxc3 e5 10.Qc2 O-O 11.Ng5 h6 12.Nge4 Nxe4 13.Nxe4 Be7 14.Bb2 Be6 15.Rfd1 Qc7
16.c4 Rfd8 17.e3 Rac8 18.c5 Na5 19.Qa4 Nc4 20.Bc3 Rxd1+ 21.Rxd1 Bxc5 22.Nxc5 Qxc5
23.Bxb7 Rb8 24.Qc6 Qa3 25.Be1 Qb2 26.Qe4 Qxa2 27.Bd5 Bxd5 28.Qxd5 Qc2 29.Ra1 Rb1
30.Rxb1 Qxb1 31.Kf1 Qa2 32.Kg1 a5 33.Bc3 a4 34.Qa8+ Kh7 35.Qe4+ g6 36.Qd5 Kg8
37.Qa8+ Kg7 38.Qb8 Qb3 39.Bb4 Qd1+ 40.Kg2 Qd5+ 41.Kg1 Kh7 42.Qf8 a3 43.Bxa3 Nd2  0-1

[Event "VII Malaga Open"]
[Site "Campillos ESP"]
[Date "2004.02.28"]
[Round "9"]
[White "Saldano,H"]
[Black "Rodriguez Guerrero,E"]
[Result "0-1"]
[WhiteElo "2424"]
[BlackElo "2391"]

1.Nf3 d5 2.g3 Nf6 3.Bg2 c6 4.d3 Bg4 5.Nbd2 Nbd7 6.O-O e6 7.b3 Bd6 8.Bb2 O-O
9.h3 Bh5 10.c4 Re8 11.Qc2 a5 12.a3 e5 13.e4 dxe4 14.dxe4 Qb8 15.Nh4 b5 16.Nf5 Bc5
17.Nf3 b4 18.axb4 Bxf3 19.Bxf3 axb4 20.Bg2 Rxa1 21.Rxa1 Nf8 22.Kh1 g6 23.Qd2 Ne6
24.Nh6+ Kg7 25.f4 Rd8 26.Qc1 Bd4 27.Bxd4 Nxd4 28.fxe5 Qxe5 29.Ra7 Rf8 30.Qe3 c5
31.g4 Ne6 32.h4 Qc3 33.Qxc3 bxc3 34.g5 c2 35.Ra1 Rb8 36.Bf3 Nd4 37.e5 Ng8
38.Nxf7 Kxf7 39.Bd5+  0-1

[Event "ch-TUR w"]
[Site "Kusadasi TUR"]
[Date "2004.03.02"]
[Round "4"]
[White "Sisman,G"]
[Black "Bayrak,A"]
[Result "0-1"]
[WhiteElo "1969"]
[BlackElo "1898"]

1.Nf3 d5 2.g3 Bg4 3.Bg2 c6 4.O-O Nf6 5.d3 e6 6.Nbd2 Nbd7 7.b3 Be7 8.Bb2 O-O
9.Qe1 Qc7 10.e4 dxe4 11.Nxe4 Nxe4 12.dxe4 Bxf3 13.Bxf3 Bf6 14.Bxf6 Nxf6 15.Rd1 Rad8
16.Qe3 Qa5 17.a4 e5 18.h4 Qb6 19.Qc3 Qc7 20.g4 Qe7 21.g5 Nd7 22.Qe3 b6 23.Rd2 Nc5
24.Rfd1 Rxd2 25.Qxd2 Ne6 26.Qd6 Qxd6 27.Rxd6 Nd4 28.Bd1 c5 29.c3 Ne6 30.Bg4 Nf4
31.Rd7 Ra8 32.h5 h6 33.gxh6 gxh6 34.Re7 Rd8 35.Rxe5 Rd3 36.Rf5 Nh3+ 37.Bxh3 Rxh3
38.f3 Rg3+ 39.Kf2 Rg7 40.Rf6 Rg5 41.Rxh6 Kg7 42.Rd6 Rxh5 43.c4 Rh2+ 44.Ke3 Rb2
45.Rd3 Kf6 46.Kf4 Ke6 47.Re3 Rb1 48.e5 Rd1 49.Kg3 Rf1 50.Kg2 Rb1 51.Kg3 Kf5
52.f4 Rg1+ 53.Kf3 Rf1+ 54.Kg3 Rxf4 55.e6 fxe6 56.Rxe6 Rxc4 57.Re3 Re4 58.Rd3 Rd4
59.Rc3 Ke5 60.Kf3 Kf5 61.Ke3 Rh4 62.Kd2 Rh2+ 63.Kc1 Ke4 64.Rg3 Rf2 65.Rh3 Rf7
66.Rg3 a6 67.Kc2 Rf2+ 68.Kc1 b5 69.axb5 axb5 70.Rh3 Re2 71.Rh4+ Kd3 72.Rh3+ Kd4
73.Rh4+ Re4 74.Rh5 Re5 75.Rh4+ Kc3 76.Rh3+ Kb4 77.Kd2 Rd5+ 78.Kc2 Rd4 79.Rg3 c4
80.bxc4 bxc4 81.Rf3 Rg4 82.Rf2 Rg3 83.Rh2 Rc3+ 84.Kb2 Rb3+ 85.Ka2 Ra3+ 86.Kb2 Rd3
87.Kc2 Rf3 88.Rg2 Rh3 89.Rf2 Ra3 90.Rf4 Ra2+ 91.Kb1 Rd2 92.Kc1 Rd3 93.Kc2 Rh3
94.Rf2 Rg3 95.Rh2 Rd3 96.Rh4 Rc3+ 97.Kb2 Rf3 98.Rh2 Rg3 99.Rf2 Re3 100.Rh2 Rb3+
101.Ka2 Ra3+ 102.Kb2 c3+ 103.Kb1 Kb3 104.Rh3 Ra5 105.Rf3 Re5 106.Rf1 Re2
107.Rg1 Rd2 108.Rh1 Rb2+ 109.Ka1 Rg2 110.Kb1 Rg4 111.Rf1 Rg5 112.Rh1 Ra5
113.Rh3 Ra4 114.Rg3 Rd4 115.Kc1 Rf4 116.Rg1 Rf2 117.Kb1 Rb2+ 118.Ka1 Ra2+
119.Kb1  0-1

[Event "20th Open"]
[Site "Cappelle la Grande FRA"]
[Date "2004.03.03"]
[Round "6"]
[White "Delchev,A"]
[Black "Kharlov,A"]
[Result "1-0"]
[WhiteElo "2624"]
[BlackElo "2607"]

1.Nf3 d5 2.g3 Nf6 3.Bg2 c6 4.O-O Bf5 5.d3 e6 6.c4 dxc4 7.dxc4 Qxd1 8.Rxd1 Nbd7
9.Nc3 Bb4 10.Bd2 O-O 11.h3 Rfd8 12.Rac1 Nb6 13.g4 Bg6 14.Ne5 Nfd7 15.Nxg6 hxg6
16.Ne4 Bxd2 17.Rxd2 Nf6 18.Rxd8+ Rxd8 19.Nc5 Rb8 20.b4 Nfd7 21.Nb3 Rc8 22.Na5 Rc7
23.g5 Kf8 24.f4 Ke7 25.Kf2 Nb8 26.h4 a6 27.Rh1 e5 28.f5 gxf5 29.h5 Rc8 30.c5 Nd5
31.Nxb7 Ke6 32.e4 Nxb4 33.exf5+ Ke7 34.h6 Nd3+ 35.Ke3 Nf4 36.hxg7  1-0

[Event "ch-TUR"]
[Site "Kusadasi TUR"]
[Date "2004.03.04"]
[Round "8"]
[White "Yagiz,Y"]
[Black "Duzgun,M"]
[Result "1-0"]
[WhiteElo "2199"]
[BlackElo "2074"]

1.Nf3 d5 2.g3 Nf6 3.Bg2 g6 4.d4 Bg7 5.O-O O-O 6.c4 c6 7.Ne5 Nbd7 8.f4 Ne4
9.Qb3 Qb6 10.Nxd7 Qxb3 11.axb3 Bxd7 12.Bxe4 dxe4 13.Be3 Bg4 14.Nc3 Rfd8 15.Rfd1 a6
16.Kg2 h5 17.h3 Bf5 18.Na4 Bc8 19.Nc5 f5 20.Bf2 b6 21.Na4 Rb8 22.e3 Bd7 23.c5 bxc5
24.Nxc5 Bc8 25.Be1 Kf7 26.b4 Rb6 27.Na4 Rb8 28.Rdc1 Rd6 29.Nc5 Rb6 30.Ra5 Bf8
31.Rca1 Rd5 32.R5a4 e6 33.Nxa6 Bxa6 34.Rxa6 Rdb5 35.Ra7+ Rb7 36.Rxb7+ Rxb7
37.Ra4 Ke7 38.h4 Kd6 39.Kf2 Kc7 40.Ke2 Bd6 41.Kd1 Kb6 42.Kc2 Ra7 43.b3 Bb8
44.Kc3 Kb5 45.Ra5+ Rxa5 46.bxa5 Kxa5 47.Kc4+ Kb6 48.Bb4 Bc7 49.Be7 Ka6 50.Kc5 Kb7
51.Bf6 Bb8 52.Be5 Bc7 53.Bxc7 Kxc7 54.b4 Kd7 55.Kb6 Kd6 56.Kb7 Kd7 57.Ka7 Kc7
58.Ka6 Kc8 59.Kb6 Kd7 60.Kb7 Kd6 61.Kc8 Kd5 62.Kc7 Kc4 63.Kxc6 Kxb4 64.Kd6 Kc4
65.Kxe6 Kd3 66.d5 Kxe3 67.d6 Kf2 68.d7 e3 69.d8=Q e2 70.Qd2 Kf1 71.Qe3 e1=R
72.Qxe1+ Kxe1 73.Kf6 Kf2 74.Kxg6 Kxg3 75.Kg5  1-0

[Event "ch-TUR"]
[Site "Kusadasi TUR"]
[Date "2004.03.07"]
[Round "12"]
[White "Yagiz,Y"]
[Black "Karadeniz,E"]
[Result "0-1"]
[WhiteElo "2199"]
[BlackElo "2310"]

1.Nf3 d5 2.g3 Bg4 3.Bg2 Nd7 4.d3 Ngf6 5.Nbd2 c6 6.c3 e5 7.Qc2 h6 8.b3 a5
9.a3 Bd6 10.Bb2 Qe7 11.e4 dxe4 12.Nxe4 Nxe4 13.dxe4 O-O 14.h3 Be6 15.Nh4 a4
16.b4 Nb6 17.Nf5 Qc7 18.O-O Rfd8 19.Ne3 Nc4 20.Qe2 b5 21.Bc1 Nxe3 22.Qxe3 Be7
23.Bb2 Bb3 24.Bf3 Bg5 25.Qc5 Rd3 26.c4 Rxf3 27.cxb5 Rc8 28.b6 Qb7 29.Rab1 Rd3
30.Qxe5 Bf6 31.Qf5 Bxb2 32.Rxb2 Rb8 33.e5 Qd7 34.e6 Bxe6 35.Qa5 Bxh3 36.Qa7 Qxa7
37.bxa7 Ra8 38.Rc1 Rxa7 39.Rxc6 Rxa3 40.b5 Rb3 41.b6 Rb7 42.Ra2 Bd7 43.Rc7 R3xb6  0-1

[Event "21st Open"]
[Site "Reykjavik ISL"]
[Date "2004.03.09"]
[Round "3"]
[White "Galego,L"]
[Black "Johannesson,I"]
[Result "1/2-1/2"]
[WhiteElo "2479"]
[BlackElo "2302"]

1.Nf3 d5 2.g3 c6 3.Bg2 Bg4 4.d3 e6 5.O-O Bd6 6.Nbd2 Nd7 7.e4 Ne7 8.Qe2 O-O
9.h3 Bh5 10.c3 Qb6 11.g4 Bg6 12.Nh4 Bf4 13.Re1 Rfe8 14.Ndf3 Bxc1 15.Raxc1 Rad8
16.Rcd1  1/2-1/2